<?xml version="1.0" encoding="UTF-8"?>
<record
    xmlns:xsi="http://www.w3.org/2001/XMLSchema-instance"
    xsi:schemaLocation="http://www.loc.gov/MARC21/slim http://www.loc.gov/standards/marcxml/schema/MARC21slim.xsd"
    xmlns="http://www.loc.gov/MARC21/slim">

  <leader>00792nam a22002297a 4500</leader>
  <datafield tag="999" ind1=" " ind2=" ">
    <subfield code="c">65036</subfield>
    <subfield code="d">65036</subfield>
  </datafield>
  <controlfield tag="005">20240530110803.0</controlfield>
  <controlfield tag="008">190115s2018    ua a   g b    000 0 ara d</controlfield>
  <datafield tag="017" ind1=" " ind2=" ">
    <subfield code="a">2018/10618</subfield>
    <subfield code="b">&#x645;&#x635;&#x631;. &#x62F;&#x627;&#x631; &#x627;&#x644;&#x643;&#x62A;&#x628;</subfield>
  </datafield>
  <datafield tag="040" ind1=" " ind2=" ">
    <subfield code="a">EG-CaGPL</subfield>
    <subfield code="c">EG-CaGPL</subfield>
  </datafield>
  <datafield tag="082" ind1="0" ind2="4">
    <subfield code="2">21</subfield>
    <subfield code="a">615.882 \</subfield>
    <subfield code="b">&#x623; &#x62D; </subfield>
  </datafield>
  <datafield tag="100" ind1="0" ind2=" ">
    <subfield code="a">&#x627;&#x62D;&#x645;&#x62F; &#x62D;&#x644;&#x645;&#x649; &#x635;&#x627;&#x644;&#x62D; </subfield>
  </datafield>
  <datafield tag="245" ind1="1" ind2="2">
    <subfield code="a">&#x627;&#x644;&#x62D;&#x62C;&#x627;&#x645;&#x629; &#x627;&#x644;&#x62A;&#x634;&#x62E;&#x64A;&#x635;&#x64A;&#x629; :</subfield>
    <subfield code="b">&#x627;&#x644;&#x62A;&#x634;&#x62E;&#x64A;&#x635; &#x639;&#x628;&#x631; &#x639;&#x644;&#x627;&#x645;&#x627;&#x62A; &#x627;&#x644;&#x62D;&#x62C;&#x627;&#x645;&#x629; /</subfield>
    <subfield code="c">&#x627;&#x62D;&#x645;&#x62F; &#x62D;&#x644;&#x645;&#x649; &#x635;&#x627;&#x644;&#x62D; </subfield>
  </datafield>
  <datafield tag="250" ind1=" " ind2=" ">
    <subfield code="a">&#x637;.1</subfield>
  </datafield>
  <datafield tag="260" ind1=" " ind2=" ">
    <subfield code="a">&#x627;&#x644;&#x642;&#x627;&#x647;&#x631;&#x629; : </subfield>
    <subfield code="c"> 2018 .</subfield>
  </datafield>
  <datafield tag="300" ind1=" " ind2=" ">
    <subfield code="a">108 &#x635;. &#x61B;</subfield>
    <subfield code="c">24 &#x633;&#x645;.</subfield>
  </datafield>
  <datafield tag="504" ind1=" " ind2=" ">
    <subfield code="a">&#x64A;&#x634;&#x62A;&#x645;&#x644; &#x639;&#x644;&#x649; &#x627;&#x631;&#x62C;&#x627;&#x639;&#x627;&#x62A; &#x628;&#x628;&#x644;&#x64A;&#x648;&#x62C;&#x631;&#x627;&#x641;&#x64A;&#x629; </subfield>
  </datafield>
  <datafield tag="650" ind1="0" ind2="7">
    <subfield code="2">qrmak</subfield>
    <subfield code="a">&#x627;&#x644;&#x62D;&#x62C;&#x627;&#x645;&#x629;</subfield>
  </datafield>
  <datafield tag="650" ind1="0" ind2="7">
    <subfield code="a">&#x627;&#x644;&#x637;&#x628; &#x627;&#x644;&#x634;&#x639;&#x628;&#x649; </subfield>
    <subfield code="2">qrmak</subfield>
  </datafield>
  <datafield tag="651" ind1=" " ind2=" ">
    <subfield code="2">qrmak</subfield>
  </datafield>
  <datafield tag="942" ind1=" " ind2=" ">
    <subfield code="2">ddc</subfield>
    <subfield code="c">BK</subfield>
  </datafield>
  <datafield tag="952" ind1=" " ind2=" ">
    <subfield code="0">0</subfield>
    <subfield code="1">0</subfield>
    <subfield code="4">0</subfield>
    <subfield code="7">0</subfield>
    <subfield code="a">CAI</subfield>
    <subfield code="b">CAI</subfield>
    <subfield code="c">TECHNOLOGY-LIBRARY</subfield>
    <subfield code="d">2019-02-19</subfield>
    <subfield code="l">0</subfield>
    <subfield code="o">615.882 \ &#x623; &#x62D;</subfield>
    <subfield code="p">165576</subfield>
    <subfield code="r">2019-02-19 00:00:00</subfield>
    <subfield code="w">2019-02-19</subfield>
    <subfield code="y">BK</subfield>
  </datafield>
</record>
